Southville International School and Colleges
Your cart is empty.
  • Cart
  • Lists
    Public lists Eva Luna New books Lux_list list_1
    Your lists Log in to create your own lists
  • Log in to your account
  • Your cookies
  • Search history
Southville International School and Colleges
  • Advanced search
  • Recent comments
  • Most popular
  • Libraries

Log in to your account

Log in with GOOGLE


If you do not have an external account, but do have a local account, you can still log in:

  1. Home
  2. MARC view: Blood bound /
Normal view MARC view ISBD view

Blood bound / (Record no. 296214)

[ view plain ]
MARC details
000 -LEADER
fixed length control field 01756cam a22004093a 4500
001 - CONTROL NUMBER
control field 15033892
003 - CONTROL NUMBER IDENTIFIER
control field SISC
005 - DATE AND TIME OF LATEST TRANSACTION
control field 20160705115552.0
008 - FIXED-LENGTH DATA ELEMENTS--GENERAL INFORMATION
fixed length control field 070227s2007 nyub 000 1 eng d
010 ## - LIBRARY OF CONGRESS CONTROL NUMBER
LC control number 2007583603
020 ## - INTERNATIONAL STANDARD BOOK NUMBER
International Standard Book Number 9780441014736 (pbk.) :
Terms of availability $7.99
020 ## - INTERNATIONAL STANDARD BOOK NUMBER
International Standard Book Number 0441014739 (pbk.) :
Terms of availability $7.99
035 ## - SYSTEM CONTROL NUMBER
System control number (OCoLC)ocm85372584
035 ## - SYSTEM CONTROL NUMBER
System control number (OCoLC)85372584
040 ## - CATALOGING SOURCE
Original cataloging agency UPZ
Transcribing agency UPZ
Modifying agency BAKER
-- BTCTA
-- DLC
042 ## - AUTHENTICATION CODE
Authentication code lccopycat
050 ## - LIBRARY OF CONGRESS CALL NUMBER
Classification number PZ 7
Item number .B854 2007
100 1# - MAIN ENTRY--PERSONAL NAME
Personal name Briggs, Patricia.
245 10 - TITLE STATEMENT
Title Blood bound /
Statement of responsibility, etc Patricia Briggs.
250 ## - EDITION STATEMENT
Edition statement Ace mass-market ed.
260 ## - PUBLICATION, DISTRIBUTION, ETC. (IMPRINT)
Place of publication, distribution, etc New York :
Name of publisher, distributor, etc Ace Books,
Date of publication, distribution, etc 2007.
300 ## - PHYSICAL DESCRIPTION
Extent 292 pages ;
Dimensions 18 cm.
490 0# - SERIES STATEMENT
Series statement An Ace book
500 ## - GENERAL NOTE
General note "Ace fantasy"--Spine.
520 ## - SUMMARY, ETC.
Summary, etc Jalopy mechanic and were-creature Mercedes Thompson can change into a coyote whenever she wants to. As a favor, she agrees to back up vampire friend Stefan when he confronts another of his kind. But, being demon-possessed, that vampire proves deadlier than most and before she can do anything to help, Mercedes is in the middle of a war with vampires and werewolves.
650 #0 - SUBJECT ADDED ENTRY--TOPICAL TERM
Topical term or geographic name as entry element Thompson, Mercy (Fictitious character)
Form subdivision Fiction.
650 #0 - SUBJECT ADDED ENTRY--TOPICAL TERM
Topical term or geographic name as entry element Vampires
Form subdivision Fiction.
650 #0 - SUBJECT ADDED ENTRY--TOPICAL TERM
Topical term or geographic name as entry element Werewolves
Form subdivision Fiction.
650 #0 - SUBJECT ADDED ENTRY--TOPICAL TERM
Topical term or geographic name as entry element Metamorphosis
Form subdivision Fiction.
655 #7 - INDEX TERM--GENRE/FORM
Genre/form data or focus term Fantasy fiction.
Source of term gsafd
710 2# - ADDED ENTRY--CORPORATE NAME
Corporate name or jurisdiction name as entry element Copyright Paperback Collection (Library of Congress)
Institution to which field applies DLC
856 42 - ELECTRONIC LOCATION AND ACCESS
Materials specified Contributor biographical information
Uniform Resource Identifier <a href="http://www.loc.gov/catdir/enhancements/fy0801/2007583603-b.html">http://www.loc.gov/catdir/enhancements/fy0801/2007583603-b.html</a>
856 42 - ELECTRONIC LOCATION AND ACCESS
Materials specified Publisher description
Uniform Resource Identifier <a href="http://www.loc.gov/catdir/enhancements/fy0801/2007583603-d.html">http://www.loc.gov/catdir/enhancements/fy0801/2007583603-d.html</a>
906 ## - LOCAL DATA ELEMENT F, LDF (RLIN)
a 7
b cbc
c copycat
d 2
e ncip
f 20
g y-genrareb
942 ## - ADDED ENTRY ELEMENTS (KOHA)
Source of classification or shelving scheme Library of Congress Classification
Koha item type Books
Holdings
Withdrawn status Lost status Source of classification or shelving scheme Damaged status Home library Current library Shelving location Date acquired Source of acquisition Sub Shelving location Total Checkouts Full call number Barcode Date last seen Price effective from Koha item type
    Library of Congress Classification   College Library College Library Fiction Section 07/05/2016 Donation     PZ 7 .B854 2007 C20600 05/08/2018 07/05/2016 Books

Blood bound /

APA

Briggs P., Copyright Paperback Collection (Library of Congress), . (2007). Blood bound. New York: Ace Books.

Chicago

Briggs Patricia, Copyright Paperback Collection (Library of Congress), . 2007. Blood bound. New York: Ace Books.

Harvard

Briggs P., Copyright Paperback Collection (Library of Congress), . (2007). Blood bound. New York: Ace Books.

MLA

Briggs Patricia, Copyright Paperback Collection (Library of Congress), . Blood bound. New York: Ace Books. 2007.

  • Place hold
  • Print
  • Cite
  • Add to your cart (remove)
  • Save record
    BIBTEX Dublin Core MARCXML MARC (non-Unicode/MARC-8) MARC (Unicode/UTF-8) MARC (Unicode/UTF-8, Standard) MODS (XML) RIS
  • More searches
    Search for this title in:
    Other Libraries (WorldCat) Other Databases (Google Scholar) Online Stores (Bookfinder.com) Open Library (openlibrary.org)

Exporting to Dublin Core...

SOUTHVILLE LIBRARY

Southville International School and Colleges Library

1281 Tropical Ave. Cor. Luxembourg St., BF Homes International, Las Pinas City

Tel. No. 8256374 / 252358 Loc. 117/146

Powered by Koha